Latin Words Quiz - Statistics

General Stats
  • This quiz has been taken 3,156 times
    2,947 since last reset
  • The average score is 45 of 76
Answer Stats
Latin English % Correct
quid? what?
98%
aqua water
96%
agere do
93%
ire go
92%
quis? who?
91%
mundus world
90%
alius another
89%
canis dog
89%
mater mother
89%
ut when/for
89%
cum with/as/when
89%
et and
88%
pater father
88%
deus god
87%
terra earth
86%
post after
85%
rex king
85%
bellum war
81%
contra against
80%
pro for
77%
nihil nothing
77%
domus house
76%
homo human
76%
frater brother
75%
vox voice
75%
ubi? where
75%
tam so
74%
lux light
73%
pax peace
73%
sub below
72%
exemplum example
71%
amare love
71%
cur? why?
70%
populus people
69%
mare ocean/sea
63%
malus bad
60%
manus hand
59%
filius son
59%
totus whole
59%
quam? how?
58%
nos we/us
58%
inter between
56%
a/ab from
56%
bonus good
55%
opus work
55%
quod because
53%
dies day
53%
puella girl
53%
plus more
51%
puer boy
48%
si if
46%
legere read
46%
sed but
43%
dare give
43%
gladius sword
43%
locus place
41%
nemo nobody
40%
e/ex out of/of
37%
nunc now
35%
flumen river
34%
ibi there
34%
per through
34%
hic here
33%
res thing
33%
sacer holy
31%
miles soldier
31%
trans over
30%
scire know
29%
solum only
28%
necare kill
26%
capere take
25%
carmen song
22%
ferre carry
21%
mox soon
16%
olim once
15%
diu long
14%
No matching quizzes found
Score Distribution
Percent of People with Each Score
Percentile by Number Answered
Your Score History
You have not taken this quiz since the last reset